[Event "ROM-ch U10 Girls"]
[Site "Voineasa"]
[Date "2008.04.15"]
[Round "6"]
[White "Iacob, Victoria"]
[Black "Androne, Ana Maria"]
[Result "1-0"]
[WhiteElo "491"]
[BlackElo "401"]
[PlyCount "47"]
[EventDate "2008.04.08"]
[EventType "swiss"]
[EventRounds "9"]
[EventCountry "ROU"]
[SourceTitle "EXT 2013"]
[Source "ChessBase"]
[SourceDate "2012.11.22"]
[SourceVersion "1"]
[SourceVersionDate "2012.11.22"]
[SourceQuality "1"]

1. e4 e5 2. Nf3 Nc6 3. Bc4 Bc5 4. 0-0 Nf6 5. Nc3 0-0 6. d3 d6 7. h3 Qe8 8. Be3 Bxe3 9. fxe3 Be6 10. Bb3 Bxb3 11. axb3 Qe7 12. Nh4 Rae8 13. Qf3 g6 14. Rf2 Qe6 15. Raf1 Nb4 16. Qg3 Nh5 17. Qg5 d5 18. Qh6 Re7 19. exd5 Nxd5 20. Ne4 Ndf6 21. Ng5 Qa6 22. Rxf6 Rd8 23. Qxh7+ Kf8 24. Qh8# 1-0

[Event "ROM-ch U10 Girls"]
[Site "Voineasa"]
[Date "2008.04.12"]
[Round "1"]
[White "Androne, Ana Maria"]
[Black "Plesoiu, Irena Eugenia"]
[Result "0-1"]
[WhiteElo "401"]
[BlackElo "530"]
[PlyCount "76"]
[EventDate "2008.04.08"]
[EventType "swiss"]
[EventRounds "9"]
[EventCountry "ROU"]
[SourceTitle "EXT 2013"]
[Source "ChessBase"]
[SourceDate "2012.11.22"]
[SourceVersion "1"]
[SourceVersionDate "2012.11.22"]
[SourceQuality "1"]

1. e4 e5 2. Bc4 Nf6 3. Nc3 Nxe4 4. Nxe4 d5 5. Bb5+ c6 6. Qf3 cxb5 7. Nc3 Be6 8. d3 a6 9. Nh3 Be7 10. Bg5 Bxg5 11. Nxg5 Qxg5 12. Ne2 Nc6 13. 0-0 0-0 14. Ng3 Nd4 15. Qd1 Bg4 16. f3 Bh5 17. Nxh5 Qxh5 18. g4 Qh3 19. c3 Ne6 20. d4 exd4 21. cxd4 Nf4 22. Qd2 g5 23. Kf2 Qxh2+ 24. Ke1 Qxd2+ 25. Kxd2 Rfe8 26. b4 Rac8 27. Rab1 Re2+ 28. Kd1 Rxa2 29. Re1 Rcc2 30. Re8+ Kg7 31. Rc1 Rd2+ 32. Ke1 Nd3+ 33. Kf1 Nxc1 34. Re1 Rf2+ 35. Kg1 Nd3 36. Rf1 Rg2+ 37. Kh1 Rh2+ 38. Kg1 Rag2# 0-1